LEADER 01425nas 2200493 a 450 001 996209274903316 005 20210520022340.0 011 $a1879-0607 035 $a(OCoLC)38927849 035 $a(CKB)954925609895 035 $a(CONSER) 2004233031 035 $a(DE-599)ZDB1497841-6 035 $a(EXLCZ)99954925609895 100 $a19980409a19979999 sy a 101 0 $aeng 135 $aurmnu||||| 200 10$aEvolution and human behavior 210 $aNew York, NY $cElsevier Science Inc.$d1997- 300 $aTitle from contents screen (ScienceDirect, viewed Jan. 6, 2004). 300 $aRefereed/Peer-reviewed 311 $a1090-5138 531 $aEVOL HUM BEHAV 531 $aEVOL HUM BE 531 $aEVOLUTION & HUMAN BEHAVIOR 531 0 $aEvol. hum. behav. 531 1 $aEvol. hum. behav. 531 $aEVOL. HUM. BEHAV 606 $aHuman behavior$vPeriodicals 606 $aHuman evolution$vPeriodicals 606 $aPsychology$vPeriodicals 606 $aBehavior 606 $aBiological Evolution 608 $aPeriodical. 615 0$aHuman behavior 615 0$aHuman evolution 615 0$aPsychology 615 2$aBehavior. 615 2$aBiological Evolution. 676 $a155.7/05 712 02$aHuman Behavior and Evolution Society. 906 $aJOURNAL 912 $a996209274903316 996 $aEvolution and human behavior$91892256 997 $aUNISA